| 000 | 005700000a22001810004500 | ||
|---|---|---|---|
| 003 | MACL | ||
| 005 | 20160121134050.0 | ||
| 008 | 160121b xxu||||| |||| 00| 0 eng d | ||
| 040 |
_aMACL _cmacl |
||
| 041 | _aHindi | ||
| 082 | _a363/SHA | ||
| 100 |
_aशर्मा डॉ. के. के. _933913 |
||
| 245 | _aभारत की जनसंख्या 2001ऑकडे एवं तथ्य | ||
| 260 |
_bउपकार प्रकाशन _aआगरा |
||
| 350 | _a25 | ||
| 650 |
_aSocial Problem & Services _933914 |
||
| 942 |
_cHIN _k363 /SHA _2ddc |
||
| 999 |
_c30810 _d30810 |
||